| 000 | 01086nam a22002417a 4500 | ||
|---|---|---|---|
| 005 | 20100811124631.0 | ||
| 010 | _aHIN-90282 | ||
| 020 |
_c275.00 _a97891005004 |
||
| 035 | _aHN-62628 | ||
| 037 | _bDBAD / PUB | ||
| 082 | _a920 | ||
| 100 |
_aवंशी, बलदेव _910839 |
||
| 245 |
_aसन्त मलूकदास: _cबलदेव वंशी _bपरिचय एंव मूल्यांकन / |
||
| 246 |
_aSant Malookdas _bby Baldev Vanshi |
||
| 260 |
_aनई दिल्ली (भारत) _bश्री शिव बजरंग प्रकाशन _c2010 |
||
| 270 |
_aडबल्यू-जेड-14, दयाल सर कालोनी, उत्तम नगर _bनई दिल्ली (भारत) _e110059 |
||
| 300 |
_a189पृ _c22सेमी (सजिल्द) |
||
| 700 | _97228 | ||
| 700 | _97267 | ||
| 700 | _97698 | ||
| 942 |
_adpl _cHN _k _2ddc _mवंशीब _h920 |
||
| 999 |
_c40946 _d40946 |
||